000 00293nam a22001217a 4500
999 _c480224
_d480224
003 NUST
008 161024t xxu||||| |||| 00| 0 eng d
020 _a81-8189-127-9
038 _aMian Adnan
082 _a636.08
245 _alivestock feeding strategies for dry regions
942 _2ddc
_cBK